000 00855nam a22002057a 4500
999 _c17931
_d17931
003 BDDh-ASL
005 20231015025646.0
008 200915b1963 ||||| b||| 00| 0 d
040 _aBDDh-ASL
_cBDDh-ASL
_dBDDh-ASL
041 _abengali
082 _a297.246
_bMOB
100 1 _aমোস্তফা, গোলাম
_9752
245 1 _aবিশ্বনবী (১ম খণ্ড ও ২য় খণ্ড)
_cগোলাম মোস্তফা।
246 _aBisawnabi.
260 _aঢাকা:
_bআহম্মদ পাবলিশিং হাউস,
_c১৯৬৩।
300 _a৩৪৬, ২২১ পৃষ্ঠা:
_c১৯ সে. মি.।
504 _aগ্রন্থপঞ্জি সংযুক্তি।
650 0 _9753
_aইসলাম ধর্ম
_xবিশ্বনবী
942 _2ddc
_cBK